000 00634nam a2200229 i 4500
001 C2-0297681
003 PPAK
005 20180728075854.0
008 090521s2004 ii |||| ||||| | tam d
040 _aPPAK
_beng
_cPPAK
_erda
082 0 4 _a131
_223
090 0 0 _a131
_bGAN
_dK
100 1 _aGanesan, P.C.,
_eauthor
245 1 0 _aSirivarukkana kathaikalum periyavarkana padippinai galum
264 1 _aChennai, India :
_bGeethanjali Pirasuram ,
_c2004
300 _a160 pages ;
_c18 cm
336 _2rdacontent
_atext
337 _2rdamedia
_aunmediated
338 _2rdacarrier
_avolume
650 1 0 _aSuccess
942 _ddc
_cB
999 _c102046
_d102046